| 000 | 01262nam a2200265Ia 4500 | ||
|---|---|---|---|
| 999 |
_c38274 _d38274 |
||
| 001 | 4281 | ||
| 003 | GE_BSU | ||
| 005 | 20191015154248.0 | ||
| 008 | 181216s||||||||xx |||||||||||||| ||und|| | ||
| 040 | _cGE_BSU | ||
| 041 | _ageo | ||
| 080 | _a024.5 ლ–85 | ||
| 100 |
_aლორია, ა. _94721 |
||
| 245 |
_aმკითხველებთან მუშაობის მეთოდები და მომსახურების ორგანიზაცია _cრედ.: ს. ხადური, ნ. გურგენიძე. |
||
| 264 |
_aთბილისი : _bმეცნიერება, _c1985. |
||
| 300 |
_a158 გვ. ; _b20 სმ. |
||
| 504 | _aბიბლიოგრ. თავების ბოლოს. | ||
| 520 | _aრეზ. რუს. | ||
| 541 | _h2 ლ. 40 თ. | ||
| 653 | _aმკითხველთა მომსახურების ორგანიზაცია | ||
| 700 |
_aხადური, ს. _eრედაქტორი _94722 |
||
| 700 |
_aგურგენიძე, ნ. _eრედაქტორი _94723 |
||
| 710 |
_aსაქ. სსრ მეცნ. აკადემია. ცენტრ. სამეცნ. ბიბ-კა. _94724 |
||
| 942 |
_cBK _2udc |
||